Análisis de estabilidad de taludes en el relleno sanitario de Río Azul
Uloženo v:
| Hlavní autor: | |
|---|---|
| Médium: | Kniha |
| Jazyk: | Spanish |
| Vydáno: |
San José, Costa Rica
2013
|
| Témata: |
RELLENO SANITARIO RIO AZUL (LA UNION, CARTAGO, COSTA RICA)
> ESTABILIZACION DE SUELOS - EVALUACION - RELLENO SANITARIO RIO AZUL (LA UNION, CARTAGO, COSTA RICA)
> TALUDES (MECANICA DE SUELOS) - EVALUACION - METODOLOGIA
> ESTABILIZACION DE SUELOS - MODELOS MATEMATICOS
> ESTABILIZACION DE SUELOS - MEDICIONES
|
| Tagy: |
Přidat tag
Žádné tagy, Buďte první, kdo vytvoří štítek k tomuto záznamu!
|
MARC
| LEADER | 00000nam a22000007a 4500 | ||
|---|---|---|---|
| 003 | 011857 | ||
| 005 | 20221231143903.0 | ||
| 008 | 150318b2013 cr a|||| |||| 00| 0 spa d | ||
| 040 | |c cru CEDI | ||
| 090 | |a TFG 7025 | ||
| 100 | |9 583 |a Cárdenas Sibaja, Adrián Ramiro | ||
| 245 | |a Análisis de estabilidad de taludes en el relleno sanitario de Río Azul | ||
| 260 | |a San José, Costa Rica |c 2013 | ||
| 500 | |a Proyecto de graduación (licenciatura en ingeniería civil)--Universidad de Costa Rica. Facultad de Ingeniería. Escuela de Ingeniería Civil | ||
| 650 | |x RELLENO SANITARIO RIO AZUL (LA UNION, CARTAGO, COSTA RICA) |x ESTABILIZACION DE SUELOS - EVALUACION - RELLENO SANITARIO RIO AZUL (LA UNION, CARTAGO, COSTA RICA) |x TALUDES (MECANICA DE SUELOS) - EVALUACION - METODOLOGIA |x ESTABILIZACION DE SUELOS - MODELOS MATEMATICOS |x ESTABILIZACION DE SUELOS - MEDICIONES |9 584 | ||
| 942 | |c TFG | ||
| 999 | |c 13759 |d 13759 | ||
